Manga - Guess the top 50 highest rated manga in MAL - Statistics

General Stats
  • This quiz has been taken 225 times
    189 since last reset
  • The average score is 10 of 54
Answer Stats
S.N Rating Name of manga % Correct
4 9.22 One Piece
96%
1 9.47 Berserk
70%
3 9.27 Vagabond
52%
8 9.04 Fullmetal Alchemist
51%
5 9.16 Monster
51%
40 8.69 Death Note
48%
6 9.08 Slam Dunk
45%
40 8.69 Chainsaw Man
44%
31 8.76 Hunter x Hunter
44%
6 9.08 Vinland Saga
44%
2 9.32 Jojo's Bizarre Adventure Part 7: Steel Ball Run
41%
14 8.94 20th Century Boys
38%
11 8.99 Goodnight Punpun
36%
10 9.01 Kingdom
33%
37 8.71 One Punch Man
29%
21 8.85 Frieren: Beyond Journey's End
28%
20 8.86 Haikyuu!!
24%
13 8.95 Real
19%
32 8.74 Hajime no Ippo: Fighting Spirit!
17%
26 8.81 The Climber
17%
15 8.93 Ashita no Joe: Fighting for Tomorrow
13%
9 9.03 Grand Blue
13%
18 8.89 Kaguya-sama: Love Is War
13%
26 8.81 Nana
13%
45 8.66 Akira
10%
21 8.85 A Silent Voice
10%
19 8.87 Great Teacher Onizuka
10%
12 8.97 Land of the Lustrous
10%
43 8.68 Dorohedoro
7%
50 8.64 Goodbye, Eri
6%
29 8.77 Delicious in Dungeon
5%
34 8.73 Made in Abyss
5%
38 8.70 Mushishi
5%
45 8.66 The Apothecary Diaries
5%
40 8.69 Beck: Mongolian Chop Squad
4%
36 8.72 Girls' Last Tour
4%
21 8.85 March Comes in Like a Lion
4%
32 8.74 Space Brothers
4%
24 8.82 The Fragrant Flower Blooms with Dignity
4%
45 8.66 Witch Hat Atelier
4%
16 8.91 Yotsuba&!
4%
24 8.82 Yona of the Dawn
3%
38 8.70 Kono Oto Tomare!
2%
49 8.65 Bloom into You
1%
49 8.65 Bungo Stray Dogs: Beast
1%
29 8.77 I sold my life for ten thousand yen per year
1%
43 8.68 Medalist
1%
45 8.66 Natsume's Book of Friends
1%
26 8.81 Nausicaä of the Valley of the Wind
1%
49 8.65 The Summer You Were There
1%
17 8.90 Umineko When They Cry Episode 8: Twilight of the Golden Witch
1%
34 8.73 Veil
1%
49 8.65 Yokohama Kaidashi Kikou
1%
50 8.64 Umineko When They Cry Episode 7: Requiem of the Golden Witch
0%
No matching quizzes found
Score Distribution
Percent of People with Each Score
Percentile by Number Answered
Your Score History
You have not taken this quiz since the last reset